[Event "Russian Blitz Team Championship (m)"]
[Site "Sochi"]
[Date "2022.10.17"]
[Round "9.8"]
[White "Rozum, Ivan"]
[Black "Bryakin, Mikhail"]
[Result "1-0"]
[BlackElo "2367"]
[WhiteElo "2428"]
[LiveChessVersion "1.4.8"]

1. b3 {[%clk 0:03:03]} d5 {[%clk 0:03:03]} 2. Bb2 {[%clk 0:03:04]} c6
{[%clk 0:03:04]} 3. g3 {[%clk 0:03:00]} Nf6 {[%clk 0:03:05]} 4. Bg2
{[%clk 0:03:01]} Bf5 {[%clk 0:03:07]} 5. d3 {[%clk 0:03:02]} e6 {[%clk 0:03:08]}
6. Nd2 h6 7. e4 {[%clk 0:03:03]} Bh7 {[%clk 0:03:11]} 8. Nh3 {[%clk 0:03:03]} Be7
{[%clk 0:03:11]} 9. O-O {[%clk 0:03:03]} a5 {[%clk 0:03:13]} 10. a4
{[%clk 0:03:03]} O-O {[%clk 0:03:12]} 11. Nf4 {[%clk 0:03:04]} Nbd7
{[%clk 0:03:11]} 12. Qe2 {[%clk 0:02:54]} Qb6 {[%clk 0:02:44]} 13. Kh1
{[%clk 0:02:51]} Bc5 {[%clk 0:02:38]} 14. Nh3 {[%clk 0:02:25]} Bd4
{[%clk 0:02:14]} 15. c3 {[%clk 0:02:12]} Bc5 {[%clk 0:02:15]} 16. f4
{[%clk 0:02:01]} d4 {[%clk 0:01:48]} 17. Nc4 {[%clk 0:01:58]} Qa7
{[%clk 0:01:49]} 18. Rac1 {[%clk 0:01:44]} b5 {[%clk 0:01:20]} 19. axb5
{[%clk 0:01:42]} cxb5 {[%clk 0:01:20]} 20. Nd2 {[%clk 0:01:41]} dxc3
{[%clk 0:01:20]} 21. Bxc3 {[%clk 0:01:42]} Rac8 {[%clk 0:01:03]} 22. Nf3
{[%clk 0:01:30]} Ba3 {[%clk 0:00:54]} 23. Rc2 {[%clk 0:01:29]} Rfe8
{[%clk 0:00:31]} 24. Nf2 {[%clk 0:01:29]} Bf8 {[%clk 0:00:25]} 25. g4
{[%clk 0:01:30]} Nc5 {[%clk 0:00:21]} 26. Bd4 {[%clk 0:01:28]} Nfd7
{[%clk 0:00:22]} 27. g5 {[%clk 0:01:27]} Qb8 {[%clk 0:00:19]} 28. gxh6
{[%clk 0:01:26]} gxh6 {[%clk 0:00:14]} 29. Ng4 {[%clk 0:01:12]} Nxb3
{[%clk 0:00:11]} 30. Bb2 {[%clk 0:01:09]} a4 {[%clk 0:00:08]} 31. Nfe5
{[%clk 0:01:07]} Nxe5 {[%clk 0:00:03]} 32. Bxe5 {[%clk 0:01:07]} 1-0

[Event "Russian Blitz Team Championship (m)"]
[Site "Sochi"]
[Date "2022.10.17"]
[Round "9.9"]
[White "Kezin, Roman"]
[Black "Dreev, Aleksey"]
[Result "1-0"]
[BlackElo "2625"]
[WhiteElo "2503"]
[LiveChessVersion "1.4.8"]

1. d4 {[%clk 0:03:02]} d5 {[%clk 0:03:04]} 2. c4 {[%clk 0:03:03]} e6
{[%clk 0:03:05]} 3. Nf3 {[%clk 0:03:04]} Nf6 {[%clk 0:03:06]} 4. g3
{[%clk 0:03:05]} dxc4 {[%clk 0:03:05]} 5. Bg2 {[%clk 0:03:06]} Bb4+
{[%clk 0:03:06]} 6. Bd2 {[%clk 0:03:03]} a5 {[%clk 0:03:07]} 7. O-O
{[%clk 0:03:02]} O-O {[%clk 0:03:05]} 8. e3 {[%clk 0:02:55]} b5 {[%clk 0:02:42]}
9. a4 {[%clk 0:02:50]} Bxd2 {[%clk 0:02:34]} 10. Nfxd2 {[%clk 0:02:44]} Nd5
{[%clk 0:02:04]} 11. axb5 c6 12. bxc6 {[%clk 0:02:05]} Ba6 {[%clk 0:02:06]} 13.
Qa4 {[%clk 0:02:06]} Qc7 {[%clk 0:01:07]} 14. Nc3 {[%clk 0:01:57]} Nb4
{[%clk 0:00:59]} 15. Qxa5 {[%clk 0:01:44]} Qxa5 {[%clk 0:00:58]} 16. Rxa5
{[%clk 0:01:45]} N8xc6 {[%clk 0:01:00]} 17. Ra4 {[%clk 0:01:32]} Bb7
{[%clk 0:00:23]} 18. Rxb4 {[%clk 0:01:32]} Nxb4 {[%clk 0:00:24]} 19. Bxb7
{[%clk 0:01:33]} Rab8 {[%clk 0:00:24]} 20. Bf3 {[%clk 0:01:31]} Rfc8
{[%clk 0:00:26]} 21. Be2 {[%clk 0:01:27]} Nd3 {[%clk 0:00:09]} 22. Bxd3
{[%clk 0:00:53]} cxd3 {[%clk 0:00:10]} 23. Rb1 {[%clk 0:00:51]} Rc7
{[%clk 0:00:07]} 24. Nde4 {[%clk 0:00:29]} Rc4 {[%clk 0:00:05]} 25. Kf1
{[%clk 0:00:22]} Rcb4 {[%clk 0:00:05]} 26. Nd1 e5 27. Nc5 {[%clk 0:00:13]} R8b5
{[%clk 0:00:06]} 28. Nxd3 {[%clk 0:00:13]} Rb3 {[%clk 0:00:08]} 29. Nxe5
{[%clk 0:00:13]} f6 {[%clk 0:00:07]} 30. Nc4 {[%clk 0:00:12]} R3b4
{[%clk 0:00:09]} 31. Nd2 {[%clk 0:00:13]} h5 {[%clk 0:00:08]} 32. Ke2
{[%clk 0:00:12]} Rb8 {[%clk 0:00:09]} 33. b3 {[%clk 0:00:11]} h4 {[%clk 0:00:09]}
34. gxh4 {[%clk 0:00:10]} R4b5 {[%clk 0:00:11]} 35. Nc3 {[%clk 0:00:08]} Rh5
{[%clk 0:00:11]} 36. Nf3 {[%clk 0:00:08]} Kf7 {[%clk 0:00:13]} 37. b4
{[%clk 0:00:09]} Rc8 {[%clk 0:00:12]} 38. Rb3 {[%clk 0:00:08]} Rf5
{[%clk 0:00:13]} 39. b5 {[%clk 0:00:07]} Rb8 {[%clk 0:00:14]} 40. b6
{[%clk 0:00:08]} Ra5 {[%clk 0:00:16]} 41. b7 {[%clk 0:00:08]} Ke7
{[%clk 0:00:15]} 42. Ne4 {[%clk 0:00:07]} Ra2+ {[%clk 0:00:16]} 43. Nfd2
{[%clk 0:00:08]} 1-0

[Event "Russian Blitz Team Championship (m)"]
[Site "Sochi"]
[Date "2022.10.17"]
[Round "9.10"]
[White "Zvjaginsev, Vadim"]
[Black "Obgolts, Erik"]
[Result "1/2-1/2"]
[BlackElo "2407"]
[WhiteElo "2601"]
[LiveChessVersion "1.4.8"]

1. e4 c5 {[%clk 0:03:00]} 2. Nf3 {[%clk 0:03:01]} e6 {[%clk 0:03:01]} 3. g3
{[%clk 0:03:01]} Nc6 {[%clk 0:03:02]} 4. Bg2 {[%clk 0:03:01]} Nf6
{[%clk 0:03:03]} 5. Qe2 {[%clk 0:03:02]} e5 {[%clk 0:02:51]} 6. O-O
{[%clk 0:03:01]} d6 {[%clk 0:02:52]} 7. Nc3 {[%clk 0:02:57]} Be7 {[%clk 0:02:49]}
8. Nd5 {[%clk 0:02:58]} O-O {[%clk 0:02:37]} 9. c3 {[%clk 0:02:58]} Be6
{[%clk 0:02:26]} 10. Nxe7+ {[%clk 0:02:58]} Qxe7 {[%clk 0:02:26]} 11. d3
{[%clk 0:02:58]} h6 {[%clk 0:02:26]} 12. Nh4 {[%clk 0:02:58]} d5 {[%clk 0:01:50]}
13. exd5 {[%clk 0:02:39]} Bxd5 {[%clk 0:01:49]} 14. Nf5 {[%clk 0:02:35]} Qd7
{[%clk 0:01:42]} 15. Bxd5 {[%clk 0:02:19]} Qxd5 {[%clk 0:01:32]} 16. Be3
{[%clk 0:02:02]} Rae8 {[%clk 0:01:22]} 17. f3 {[%clk 0:01:49]} Nd4
{[%clk 0:01:08]} 18. Bxd4 {[%clk 0:01:42]} cxd4 {[%clk 0:01:05]} 19. cxd4
{[%clk 0:01:25]} Qd7 {[%clk 0:00:37]} 20. g4 {[%clk 0:01:26]} exd4
{[%clk 0:00:37]} 21. Qf2 {[%clk 0:01:26]} h5 {[%clk 0:00:26]} 22. h3
{[%clk 0:01:21]} g6 {[%clk 0:00:23]} 23. Qxd4 {[%clk 0:01:01]} Qxd4+
{[%clk 0:00:21]} 24. Nxd4 {[%clk 0:01:01]} Rd8 {[%clk 0:00:22]} 25. Nb3
{[%clk 0:00:57]} Rxd3 {[%clk 0:00:22]} 26. Rad1 {[%clk 0:00:58]} Rfd8
{[%clk 0:00:23]} 27. Rxd3 {[%clk 0:00:58]} Rxd3 {[%clk 0:00:23]} 28. Nc5
{[%clk 0:00:44]} Rd2 {[%clk 0:00:23]} 29. Rf2 {[%clk 0:00:45]} Rd1+
{[%clk 0:00:22]} 30. Rf1 {[%clk 0:00:37]} Rd2 {[%clk 0:00:22]} 31. Rf2
{[%clk 0:00:38]} Rd1+ {[%clk 0:00:23]} 32. Rf1 1/2-1/2

[Event "Russian Blitz Team Championship (m)"]
[Site "Sochi"]
[Date "2022.10.17"]
[Round "9.11"]
[White "Khubukshanov, Erdem"]
[Black "Malakhov, Vladimir"]
[Result "1-0"]
[BlackElo "2654"]
[WhiteElo "2377"]
[LiveChessVersion "1.4.8"]

1. e4 {[%clk 0:03:02]} e5 {[%clk 0:03:04]} 2. Nf3 {[%clk 0:03:02]} Nc6
{[%clk 0:03:05]} 3. Bc4 {[%clk 0:03:03]} Bc5 {[%clk 0:03:05]} 4. O-O
{[%clk 0:03:03]} Nf6 {[%clk 0:03:06]} 5. d3 {[%clk 0:03:03]} h6 {[%clk 0:03:06]}
6. c3 {[%clk 0:03:03]} d6 {[%clk 0:03:03]} 7. Re1 {[%clk 0:03:02]} a6
{[%clk 0:03:02]} 8. d4 {[%clk 0:02:46]} exd4 {[%clk 0:02:34]} 9. cxd4
{[%clk 0:02:46]} Bb4 {[%clk 0:02:35]} 10. Bd2 {[%clk 0:02:42]} Bxd2
{[%clk 0:02:35]} 11. Nbxd2 {[%clk 0:02:40]} O-O {[%clk 0:02:35]} 12. e5
{[%clk 0:02:35]} dxe5 {[%clk 0:02:32]} 13. dxe5 {[%clk 0:02:36]} Nd5
{[%clk 0:02:32]} 14. Ne4 {[%clk 0:02:21]} Nb6 {[%clk 0:02:31]} 15. Bb3
{[%clk 0:02:15]} Qxd1 {[%clk 0:02:25]} 16. Raxd1 {[%clk 0:02:16]} Bg4
{[%clk 0:02:25]} 17. Nc5 {[%clk 0:02:15]} Bxf3 {[%clk 0:01:57]} 18. gxf3
{[%clk 0:02:16]} Na5 {[%clk 0:01:50]} 19. Bc2 {[%clk 0:02:15]} Rad8
{[%clk 0:01:48]} 20. f4 {[%clk 0:02:08]} Rd5 {[%clk 0:01:16]} 21. b4
{[%clk 0:02:06]} Nc6 {[%clk 0:01:17]} 22. Nxb7 {[%clk 0:01:35]} Nxb4
{[%clk 0:01:05]} 23. Bb3 {[%clk 0:01:35]} Rd3 {[%clk 0:00:58]} 24. Nc5
{[%clk 0:01:33]} Rf3 {[%clk 0:00:54]} 25. Rd4 {[%clk 0:01:28]} Nc6
{[%clk 0:00:55]} 26. Rde4 {[%clk 0:01:27]} Ne7 {[%clk 0:00:50]} 27. Kg2
{[%clk 0:01:22]} Rc3 {[%clk 0:00:50]} 28. Nxa6 {[%clk 0:01:23]} Ned5
{[%clk 0:00:50]} 29. Nb4 {[%clk 0:01:18]} Nxb4 {[%clk 0:00:41]} 30. Rxb4
{[%clk 0:01:19]} Rd8 {[%clk 0:00:40]} 31. f5 {[%clk 0:01:13]} Kf8
{[%clk 0:00:32]} 32. e6 {[%clk 0:01:11]} fxe6 {[%clk 0:00:32]} 33. fxe6
{[%clk 0:01:12]} Ke7 {[%clk 0:00:26]} 34. Rf4 {[%clk 0:01:12]} Nd5
{[%clk 0:00:23]} 35. Rf7+ {[%clk 0:01:07]} Ke8 {[%clk 0:00:24]} 36. Bxd5
{[%clk 0:01:03]} Rxd5 {[%clk 0:00:25]} 37. e7 {[%clk 0:01:03]} Rg5+
{[%clk 0:00:14]} 38. Kf1 {[%clk 0:01:04]} 1-0

[Event "Russian Blitz Team Championship (m)"]
[Site "Sochi"]
[Date "2022.10.17"]
[Round "9.12"]
[White "Popov, Ivan"]
[Black "Bocharov, Dmitry"]
[Result "1/2-1/2"]
[BlackElo "2484"]
[WhiteElo "2549"]
[LiveChessVersion "1.4.8"]

1. e4 c5 {[%clk 0:03:03]} 2. Nf3 {[%clk 0:03:04]} d6 {[%clk 0:03:04]} 3. d4
{[%clk 0:03:05]} cxd4 {[%clk 0:03:05]} 4. Qxd4 {[%clk 0:03:05]} Nc6
{[%clk 0:03:05]} 5. Bb5 {[%clk 0:03:06]} Bd7 {[%clk 0:03:06]} 6. Qd3
{[%clk 0:03:07]} Nf6 {[%clk 0:03:04]} 7. c4 {[%clk 0:03:08]} g6 {[%clk 0:03:04]}
8. Nc3 {[%clk 0:03:09]} Bg7 {[%clk 0:03:05]} 9. O-O {[%clk 0:03:08]} O-O
{[%clk 0:03:03]} 10. h3 {[%clk 0:03:08]} a6 {[%clk 0:03:04]} 11. Bxc6
{[%clk 0:03:08]} Bxc6 {[%clk 0:03:04]} 12. Nd4 {[%clk 0:03:08]} Qb6
{[%clk 0:03:05]} 13. Rd1 {[%clk 0:02:51]} Nd7 {[%clk 0:03:02]} 14. Be3
{[%clk 0:02:42]} Qxb2 {[%clk 0:02:34]} 15. Rab1 {[%clk 0:02:42]} Qa3
{[%clk 0:02:35]} 16. Nxc6 {[%clk 0:02:38]} bxc6 {[%clk 0:02:36]} 17. Nd5
{[%clk 0:02:37]} Qxd3 {[%clk 0:02:36]} 18. Nxe7+ {[%clk 0:02:38]} Kh8
{[%clk 0:02:37]} 19. Rxd3 {[%clk 0:02:38]} Ne5 {[%clk 0:02:39]} 20. Rxd6
{[%clk 0:02:29]} Rae8 {[%clk 0:02:39]} 21. Nxc6 {[%clk 0:01:47]} Nxc4
{[%clk 0:02:38]} 22. Rd3 {[%clk 0:01:43]} Rxe4 {[%clk 0:02:11]} 23. Bd4
{[%clk 0:01:40]} Rc8 {[%clk 0:01:31]} 24. Bxg7+ {[%clk 0:01:23]} Kxg7
{[%clk 0:01:32]} 25. Nd4 {[%clk 0:01:21]} Ne5 {[%clk 0:01:27]} 26. Rd2
{[%clk 0:01:16]} Rc4 {[%clk 0:01:08]} 27. Rbd1 {[%clk 0:01:00]} Nc6
{[%clk 0:00:47]} 1/2-1/2

[Event "Russian Blitz Team Championship (m)"]
[Site "Sochi"]
[Date "2022.10.17"]
[Round "9.13"]
[White "Artemiev, Vladislav"]
[Black "Dobrov, Vladimir"]
[Result "1-0"]
[BlackElo "2575"]
[WhiteElo "2832"]
[LiveChessVersion "1.4.8"]

1. d4 {[%clk 0:03:02]} Nf6 {[%clk 0:03:03]} 2. Nf3 {[%clk 0:03:02]} e6
{[%clk 0:03:04]} 3. Bg5 {[%clk 0:03:01]} h6 {[%clk 0:03:04]} 4. Bh4
{[%clk 0:03:01]} c5 {[%clk 0:03:04]} 5. e3 {[%clk 0:03:02]} Nc6 {[%clk 0:02:57]}
6. c3 {[%clk 0:03:02]} d5 {[%clk 0:02:57]} 7. Nbd2 {[%clk 0:03:02]} Qb6
{[%clk 0:02:58]} 8. Rb1 {[%clk 0:03:02]} Be7 {[%clk 0:02:32]} 9. Bd3
{[%clk 0:03:01]} cxd4 {[%clk 0:02:13]} 10. exd4 {[%clk 0:03:00]} g5
{[%clk 0:02:12]} 11. Bg3 {[%clk 0:03:01]} Nh5 {[%clk 0:02:12]} 12. Qe2
{[%clk 0:02:39]} Bd7 {[%clk 0:01:58]} 13. b4 {[%clk 0:02:21]} Nxg3
{[%clk 0:01:39]} 14. hxg3 {[%clk 0:02:21]} Qc7 {[%clk 0:01:39]} 15. b5
{[%clk 0:01:55]} Na5 {[%clk 0:01:35]} 16. Ne5 {[%clk 0:01:56]} Qxc3
{[%clk 0:01:27]} 17. O-O {[%clk 0:01:19]} Bf6 {[%clk 0:01:05]} 18. Ndf3
{[%clk 0:01:11]} Qc7 {[%clk 0:01:02]} 19. Rbc1 {[%clk 0:00:31]} Qd6
{[%clk 0:01:03]} 20. Nh2 {[%clk 0:00:30]} Qb6 {[%clk 0:00:34]} 21. Qf3
{[%clk 0:00:19]} Bxe5 {[%clk 0:00:32]} 22. dxe5 {[%clk 0:00:20]} h5
{[%clk 0:00:14]} 23. Qf6 {[%clk 0:00:21]} Rg8 {[%clk 0:00:12]} 24. Bh7
{[%clk 0:00:20]} Rf8 {[%clk 0:00:13]} 25. Qxg5 {[%clk 0:00:21]} Nc4
{[%clk 0:00:13]} 26. Qxh5 {[%clk 0:00:17]} O-O-O {[%clk 0:00:14]} 27. Bd3
{[%clk 0:00:12]} Bxb5 {[%clk 0:00:15]} 28. Nf3 {[%clk 0:00:06]} Kb8
{[%clk 0:00:17]} 29. Qg5 {[%clk 0:00:05]} Rc8 {[%clk 0:00:18]} 30. Qe7
{[%clk 0:00:05]} Qc7 {[%clk 0:00:19]} 31. Qb4 {[%clk 0:00:05]} Ba6
{[%clk 0:00:19]} 32. Rfe1 {[%clk 0:00:04]} Rh8 {[%clk 0:00:19]} 33. g4
{[%clk 0:00:05]} b6 {[%clk 0:00:07]} 34. Bxc4 {[%clk 0:00:04]} dxc4
{[%clk 0:00:08]} 35. Nd4 {[%clk 0:00:04]} Qc5 {[%clk 0:00:09]} 36. Qc3
{[%clk 0:00:04]} Bb7 {[%clk 0:00:09]} 37. Rcd1 {[%clk 0:00:03]} Rcd8
{[%clk 0:00:10]} 38. Nc2 {[%clk 0:00:04]} Rdg8 {[%clk 0:00:09]} 39. Ne3
{[%clk 0:00:04]} Rg5 {[%clk 0:00:09]} 40. f3 {[%clk 0:00:04]} Qxe5
{[%clk 0:00:08]} 41. Qxe5+ {[%clk 0:00:05]} Rxe5 {[%clk 0:00:10]} 42. Nxc4
{[%clk 0:00:06]} Rd5 {[%clk 0:00:11]} 43. Ne5 {[%clk 0:00:04]} Rh7
{[%clk 0:00:07]} 44. g5 {[%clk 0:00:04]} Rxd1 {[%clk 0:00:06]} 45. Rxd1
{[%clk 0:00:06]} Bd5 {[%clk 0:00:07]} 46. Nd7+ {[%clk 0:00:06]} Kc7
{[%clk 0:00:07]} 47. Nf6 {[%clk 0:00:07]} Rg7 {[%clk 0:00:07]} 48. Ne8+
{[%clk 0:00:08]} 1-0

[Event "Russian Blitz Team Championship (m)"]
[Site "Sochi"]
[Date "2022.10.17"]
[Round "9.14"]
[White "Uskov, Artem"]
[Black "Sjugirov, Sanan"]
[Result "1-0"]
[BlackElo "2609"]
[WhiteElo "2276"]
[LiveChessVersion "1.4.8"]

1. e4 c5 {[%clk 0:03:03]} 2. c3 {[%clk 0:03:03]} Nf6 {[%clk 0:03:03]} 3. e5
{[%clk 0:03:04]} Nd5 {[%clk 0:03:04]} 4. d4 {[%clk 0:03:05]} cxd4
{[%clk 0:03:04]} 5. cxd4 {[%clk 0:03:05]} e6 {[%clk 0:03:02]} 6. Nf3
{[%clk 0:03:05]} d6 {[%clk 0:03:03]} 7. Nc3 {[%clk 0:03:04]} Nxc3
{[%clk 0:03:01]} 8. bxc3 {[%clk 0:03:04]} Nd7 {[%clk 0:02:58]} 9. exd6
{[%clk 0:02:54]} Bxd6 {[%clk 0:02:58]} 10. Bd3 {[%clk 0:02:55]} h6
{[%clk 0:02:56]} 11. O-O {[%clk 0:02:55]} O-O {[%clk 0:02:55]} 12. Qe2
{[%clk 0:02:53]} Re8 {[%clk 0:02:45]} 13. Bb2 {[%clk 0:02:38]} Rb8
{[%clk 0:02:22]} 14. c4 {[%clk 0:02:32]} b6 {[%clk 0:02:22]} 15. Rad1
{[%clk 0:02:23]} Bb7 {[%clk 0:02:22]} 16. h3 {[%clk 0:02:23]} Qc7
{[%clk 0:02:18]} 17. Nd2 {[%clk 0:02:03]} Nf6 {[%clk 0:01:56]} 18. Rfe1
{[%clk 0:01:44]} Rbd8 {[%clk 0:01:55]} 19. c5 {[%clk 0:01:20]} Bh2+
{[%clk 0:01:33]} 20. Kh1 {[%clk 0:01:16]} Bf4 {[%clk 0:01:33]} 21. cxb6
{[%clk 0:01:07]} axb6 {[%clk 0:01:30]} 22. Nc4 {[%clk 0:00:52]} Nd5
{[%clk 0:01:16]} 23. Qe4 {[%clk 0:00:24]} g6 {[%clk 0:01:13]} 24. Qe2
{[%clk 0:00:19]} Bg5 {[%clk 0:01:08]} 25. Qf1 {[%clk 0:00:13]} Bf6
{[%clk 0:01:02]} 26. Ne5 {[%clk 0:00:12]} Bxe5 {[%clk 0:00:54]} 27. Rxe5
{[%clk 0:00:10]} Nf4 {[%clk 0:00:47]} 28. f3 {[%clk 0:00:11]} Nxd3
{[%clk 0:00:37]} 29. Qxd3 {[%clk 0:00:09]} Qxe5 {[%clk 0:00:20]} 30. dxe5
{[%clk 0:00:10]} Rxd3 {[%clk 0:00:20]} 31. Rxd3 {[%clk 0:00:11]} Bd5
{[%clk 0:00:21]} 32. a3 {[%clk 0:00:09]} Kg7 {[%clk 0:00:18]} 33. Kg1
{[%clk 0:00:10]} g5 {[%clk 0:00:19]} 34. Kf2 {[%clk 0:00:10]} Kg6
{[%clk 0:00:20]} 35. g4 {[%clk 0:00:11]} Ra8 {[%clk 0:00:17]} 36. Rd4
{[%clk 0:00:11]} b5 {[%clk 0:00:17]} 37. Rd3 {[%clk 0:00:11]} Ra6
{[%clk 0:00:16]} 38. Rc3 {[%clk 0:00:12]} Bc4 {[%clk 0:00:16]} 39. Rc2
{[%clk 0:00:11]} Ra8 {[%clk 0:00:16]} 40. Rd2 {[%clk 0:00:11]} Bd5
{[%clk 0:00:16]} 41. Kg3 {[%clk 0:00:11]} h5 {[%clk 0:00:16]} 42. h4
{[%clk 0:00:10]} hxg4 {[%clk 0:00:05]} 43. fxg4 {[%clk 0:00:08]} gxh4+
{[%clk 0:00:06]} 44. Kxh4 {[%clk 0:00:09]} Rh8+ {[%clk 0:00:06]} 45. Kg3
{[%clk 0:00:11]} Rh1 {[%clk 0:00:07]} 46. Rf2 {[%clk 0:00:11]} Rg1+
{[%clk 0:00:07]} 47. Kh4 {[%clk 0:00:13]} Bc4 {[%clk 0:00:04]} 48. Kh3
{[%clk 0:00:13]} Rb1 {[%clk 0:00:04]} 49. Kh4 {[%clk 0:00:14]} Bb3
{[%clk 0:00:03]} 50. Bd4 {[%clk 0:00:12]} Rd1 {[%clk 0:00:04]} 51. Bc5
{[%clk 0:00:12]} Rd5 {[%clk 0:00:04]} 52. Bd6 {[%clk 0:00:13]} Rd4
{[%clk 0:00:03]} 53. Rf6+ {[%clk 0:00:09]} Kg7 {[%clk 0:00:05]} 54. Kg5
{[%clk 0:00:10]} Bd1 {[%clk 0:00:04]} 55. Rf4 {[%clk 0:00:12]} Rd3
{[%clk 0:00:03]} 56. Be7 {[%clk 0:00:12]} Rd5 {[%clk 0:00:03]} 57. Bf6+
{[%clk 0:00:13]} Kf8 {[%clk 0:00:04]} 58. Rb4 {[%clk 0:00:14]} Ke8
{[%clk 0:00:05]} 59. Rb1 {[%clk 0:00:13]} Kd7 {[%clk 0:00:06]} 60. Rc1
{[%clk 0:00:14]} Rd3 {[%clk 0:00:07]} 61. Rc5 {[%clk 0:00:14]} Ba4
{[%clk 0:00:07]} 62. Rc1 {[%clk 0:00:12]} Rd4 {[%clk 0:00:08]} 63. Rc3
{[%clk 0:00:10]} Bd1 {[%clk 0:00:09]} 64. Rg3 {[%clk 0:00:07]} Kc6
{[%clk 0:00:09]} 65. Be7 {[%clk 0:00:08]} Kd5 {[%clk 0:00:10]} 66. Bd6
{[%clk 0:00:09]} Bc2 {[%clk 0:00:08]} 67. Kf6 {[%clk 0:00:10]} Bg6
{[%clk 0:00:09]} 68. Ke7 {[%clk 0:00:09]} Kc4 {[%clk 0:00:08]} 69. Bb4
{[%clk 0:00:09]} Re4 {[%clk 0:00:09]} 70. Kd6 {[%clk 0:00:10]} Rd4+
{[%clk 0:00:10]} 71. Ke7 {[%clk 0:00:11]} Kd5 {[%clk 0:00:07]} 72. Bd6
{[%clk 0:00:12]} Ra4 {[%clk 0:00:08]} 73. Kf6 {[%clk 0:00:10]} Ke4
{[%clk 0:00:09]} 74. Kg5 {[%clk 0:00:11]} Rc4 {[%clk 0:00:09]} 75. Rg1
{[%clk 0:00:08]} Kf3 {[%clk 0:00:10]} 76. Rf1+ {[%clk 0:00:10]} Kg3
{[%clk 0:00:10]} 77. Rg1+ {[%clk 0:00:11]} Kf2 {[%clk 0:00:11]} 78. Rd1
{[%clk 0:00:11]} Be4 {[%clk 0:00:09]} 79. Kf6 {[%clk 0:00:11]} Bf3
{[%clk 0:00:10]} 80. Rd2+ {[%clk 0:00:12]} Ke3 {[%clk 0:00:11]} 81. Rb2
{[%clk 0:00:12]} Rf4+ {[%clk 0:00:11]} 82. Ke7 {[%clk 0:00:13]} Be2
{[%clk 0:00:08]} 83. g5 {[%clk 0:00:14]} Rf5 {[%clk 0:00:08]} 84. g6
{[%clk 0:00:13]} fxg6 {[%clk 0:00:09]} 85. Kxe6 {[%clk 0:00:15]} Bc4+
{[%clk 0:00:10]} 86. Kd7 {[%clk 0:00:16]} Rf7+ {[%clk 0:00:09]} 87. Ke8
{[%clk 0:00:17]} Rh7 {[%clk 0:00:09]} 88. Rb4 {[%clk 0:00:14]} Ke4
{[%clk 0:00:08]} 89. a4 {[%clk 0:00:15]} Kd5 {[%clk 0:00:08]} 90. axb5
{[%clk 0:00:14]} g5 {[%clk 0:00:08]} 91. b6 {[%clk 0:00:14]} Rb7 {[%clk 0:00:08]}
92. Bc7 {[%clk 0:00:13]} g4 {[%clk 0:00:09]} 93. e6 {[%clk 0:00:09]} g3
{[%clk 0:00:06]} 94. Bxg3 {[%clk 0:00:10]} Be2 {[%clk 0:00:04]} 95. e7
{[%clk 0:00:10]} Bh5+ {[%clk 0:00:04]} 96. Kd8 {[%clk 0:00:11]} Kc6
{[%clk 0:00:04]} 97. Bc7 {[%clk 0:00:11]} Bg6 {[%clk 0:00:04]} 98. Rh4
{[%clk 0:00:11]} Kd5 {[%clk 0:00:04]} 99. Rh6 {[%clk 0:00:12]} 1-0

[Event "Russian Blitz Team Championship (m)"]
[Site "Sochi"]
[Date "2022.10.17"]
[Round "9.15"]
[White "Timofeev, Artyom"]
[Black "Akhmedov, David"]
[Result "1-0"]
[BlackElo "2208"]
[WhiteElo "2579"]
[LiveChessVersion "1.4.8"]

1. e4 {[%clk 0:03:02]} c5 {[%clk 0:03:04]} 2. Nf3 {[%clk 0:03:02]} e6
{[%clk 0:03:05]} 3. g3 {[%clk 0:03:02]} Nc6 {[%clk 0:03:04]} 4. Bg2
{[%clk 0:03:03]} Nf6 {[%clk 0:03:04]} 5. Qe2 {[%clk 0:03:03]} d5 {[%clk 0:03:05]}
6. exd5 {[%clk 0:03:01]} Nxd5 {[%clk 0:03:05]} 7. O-O {[%clk 0:03:01]} Be7
{[%clk 0:03:06]} 8. Rd1 {[%clk 0:03:02]} Bf6 {[%clk 0:03:05]} 9. c3
{[%clk 0:02:55]} O-O {[%clk 0:02:59]} 10. d3 {[%clk 0:02:56]} b6 {[%clk 0:02:34]}
11. Na3 {[%clk 0:02:56]} Bb7 {[%clk 0:02:27]} 12. Nc4 {[%clk 0:02:55]} Rc8
{[%clk 0:02:11]} 13. Bd2 {[%clk 0:02:56]} Re8 {[%clk 0:01:59]} 14. a4
{[%clk 0:02:56]} g6 {[%clk 0:01:53]} 15. h4 {[%clk 0:02:56]} e5 {[%clk 0:01:41]}
16. Ng5 {[%clk 0:02:51]} Qd7 {[%clk 0:01:25]} 17. Bh3 {[%clk 0:02:49]} Qc7
{[%clk 0:01:21]} 18. Ne4 {[%clk 0:02:48]} Be7 {[%clk 0:01:19]} 19. Bxc8
{[%clk 0:02:41]} Bxc8 {[%clk 0:01:16]} 20. Qf3 {[%clk 0:02:30]} Rd8
{[%clk 0:00:57]} 21. Bg5 {[%clk 0:02:25]} Bxg5 {[%clk 0:00:47]} 22. hxg5
{[%clk 0:02:24]} Qe7 {[%clk 0:00:40]} 23. Nf6+ {[%clk 0:02:14]} Nxf6
{[%clk 0:00:37]} 24. Qxf6 {[%clk 0:02:15]} Qxf6 {[%clk 0:00:32]} 25. d4 Bf5
{[%clk 0:00:34]} 26. gxf6 {[%clk 0:02:16]} Be6 {[%clk 0:00:15]} 27. Re1
{[%clk 0:02:01]} 1-0

[Event "Russian Blitz Team Championship (m)"]
[Site "Sochi"]
[Date "2022.10.17"]
[Round "10.1"]
[White "Vlasenko, Miroslav"]
[Black "Chigaev, Maksim"]
[Result "1/2-1/2"]
[BlackElo "2537"]
[WhiteElo "2319"]
[LiveChessVersion "1.4.8"]

1. d4 {[%clk 0:03:03]} Nf6 {[%clk 0:03:03]} 2. Bg5 {[%clk 0:03:04]} g6
{[%clk 0:03:04]} 3. Bxf6 {[%clk 0:03:04]} exf6 {[%clk 0:03:05]} 4. g3
{[%clk 0:03:05]} d5 {[%clk 0:03:06]} 5. Bg2 {[%clk 0:03:06]} c6 {[%clk 0:03:07]}
6. e3 {[%clk 0:03:06]} h5 {[%clk 0:03:07]} 7. Nf3 {[%clk 0:03:03]} Bg4
{[%clk 0:02:53]} 8. h3 {[%clk 0:03:01]} Bxf3 {[%clk 0:02:53]} 9. Bxf3
{[%clk 0:03:01]} f5 {[%clk 0:02:52]} 10. h4 {[%clk 0:02:58]} Nd7 {[%clk 0:02:53]}
11. Nd2 {[%clk 0:02:49]} Nf6 {[%clk 0:02:48]} 12. c4 {[%clk 0:02:35]} Bb4
{[%clk 0:02:47]} 13. cxd5 {[%clk 0:02:24]} Nxd5 {[%clk 0:02:48]} 14. a3
{[%clk 0:02:21]} Bxd2+ {[%clk 0:02:47]} 15. Qxd2 {[%clk 0:02:22]} O-O
{[%clk 0:02:42]} 16. Rc1 {[%clk 0:02:15]} Re8 {[%clk 0:02:33]} 17. Kf1
{[%clk 0:02:06]} Nf6 {[%clk 0:02:20]} 18. Rc5 {[%clk 0:01:57]} Qe7
{[%clk 0:01:34]} 19. Qc2 {[%clk 0:01:48]} Rad8 {[%clk 0:01:29]} 20. Kg2
{[%clk 0:01:45]} Ng4 {[%clk 0:01:03]} 21. Bxg4 {[%clk 0:01:41]} fxg4
{[%clk 0:01:03]} 22. Rc1 {[%clk 0:01:20]} Qf6 {[%clk 0:01:00]} 23. b4
{[%clk 0:01:05]} a6 {[%clk 0:00:46]} 24. a4 {[%clk 0:00:59]} Qf3+
{[%clk 0:00:08]} 25. Kg1 {[%clk 0:00:37]} Rxd4 {[%clk 0:00:09]} 26. exd4
{[%clk 0:00:37]} Re2 {[%clk 0:00:11]} 27. Qxe2 {[%clk 0:00:34]} Qxe2
{[%clk 0:00:12]} 28. d5 {[%clk 0:00:24]} cxd5 {[%clk 0:00:13]} 29. Rxd5
{[%clk 0:00:23]} Qb2 {[%clk 0:00:11]} 30. Rc7 {[%clk 0:00:12]} Qb1+
{[%clk 0:00:07]} 31. Kh2 {[%clk 0:00:13]} Qxb4 {[%clk 0:00:08]} 32. Rdd7
{[%clk 0:00:11]} Qb3 {[%clk 0:00:05]} 33. Rxb7 {[%clk 0:00:10]} Qa2
{[%clk 0:00:05]} 34. Kg1 {[%clk 0:00:08]} a5 {[%clk 0:00:06]} 35. Ra7
{[%clk 0:00:07]} Qe6 {[%clk 0:00:06]} 36. Rdb7 {[%clk 0:00:06]} Kg7
{[%clk 0:00:06]} 37. Kf1 {[%clk 0:00:05]} Qc4+ {[%clk 0:00:07]} 38. Kg1
{[%clk 0:00:06]} Qd5 {[%clk 0:00:06]} 39. Rd7 {[%clk 0:00:07]} Qe6
{[%clk 0:00:04]} 40. Re7 {[%clk 0:00:08]} Qd5 {[%clk 0:00:05]} 41. Red7
{[%clk 0:00:09]} Qe6 {[%clk 0:00:06]} 42. Re7 {[%clk 0:00:10]} Qd5
{[%clk 0:00:07]} 43. Red7 {[%clk 0:00:11]} 1/2-1/2